European private law after the common frame of reference (Record no. 178151)

MARC details
000 -LEADER
fixed length control field 00783nam a2200229Ia 4500
008 - FIXED-LENGTH DATA ELEMENTS--GENERAL INFORMATION
fixed length control field 191130s2010##################000#0#eng##
020 ## - INTERNATIONAL STANDARD BOOK NUMBER
ISBN 9781848444072
082 ## - DEWEY DECIMAL CLASSIFICATION NUMBER
Classification number 346.4 MIC
245 ## - TITLE STATEMENT
Title European private law after the common frame of reference
Statement of responsibility, etc editors, Hans-W. Micklitz, Fabrizio Cafaggi
260 ## - PUBLICATION, DISTRIBUTION, ETC. (IMPRINT)
Place of publication Cheltenham, UK ; Northampton, MA
Name of publisher Edward Elgar
Year of publication c2010
300 ## - PHYSICAL DESCRIPTION
Number of Pages xlvi, 231 p. ; 24 cm
500 ## - GENERAL NOTE
General note Includes bibliographical references and index
650 ## - SUBJECT ADDED ENTRY--TOPICAL TERM
Topical Term Civil law - Europe - International unification
Topical Term Civil law - European Union countries
700 ## - ADDED ENTRY--PERSONAL NAME
Personal name Cafaggi, Fabrizio
Personal name Micklitz, Hans-W
991 ## -
-- 292302
Holdings
Withdrawn status Lost status Damaged status Not for loan Home library Current library Shelving location Date acquired Full call number Accession Number Price effective from Koha item type
        Anna Centenary Library Anna Centenary Library 4TH FLOOR, A WING 13.10.2020 346.4 MIC 344622 13.10.2020 English Books

Find us on the map